Fictional towns by tv-series - Statistics

General Stats
  • This quiz has been taken 28 times
  • The average score is 3 of 12
Answer Stats
Show Town % Correct
Spongebob Bikini Bottom
70%
The Flinstones Bedrock
48%
Family Guy Quahog
48%
Stranger Things Hawkins
43%
Gilmore Girls Stars Hollow
35%
The Vampire Diaries Mystic Falls
26%
Pretty Little Liars Rosewood
22%
That '70s show Point Place
17%
Sons of Anarchy Charming
9%
Desperate Housewives Fairview
9%
Young Sheldon Medford
9%
Vikings Kattegat
4%
No matching quizzes found
Score Distribution
Percent of People with Each Score
Percentile by Number Answered
Your Score History
You have not taken this quiz